Statistics for Top 50 French last name

Click here to take the quiz!

General Stats

  • This quiz has been taken 21 times
  • The average score is 8 of 50

Answer Stats

HintAnswer% Correct
1Martin
74%
22Dupont
47%
4Petit
37%
3Thomas
37%
32Blanc
32%
8Dubois
32%
10Laurent
32%
2Bernard
26%
11Simon
26%
17Bertrand
21%
37Francois
21%
38Legrand
21%
14Leroy
21%
5Richard
21%
6Robert
21%
30Andre
16%
36Chevalier
16%
43Clement
16%
16David
16%
40Garcia
16%
20Girard
16%
13Lefebvre
16%
48Mathieu
16%
9Moreau
16%
18Morel
16%
27Muller
16%
26Vincent
16%
21Bonnet
11%
34Boyer
11%
7Durand
11%
24Fontaine
11%
28Lefevre
11%
12Michel
11%
44Morin
11%
42Robin
11%
15Roux
11%
29Faure
5%
19Fournier
5%
35Garnier
5%
49Gauthier
5%
39Gauthier
5%
33Guerin
5%
46henri
5%
23Lambert
5%
50Masson
5%
31Mercier
5%
45Nicolas
5%
41Perrin
5%
25Rousseau
5%
47Roussel
5%

Score Distribution

Percentile by Number Answered

Percent of People with Each Score

Your Score History

You have not taken this quiz